|
|
|
|
| LEADER |
00000cam a2200000 i 4500 |
| 001 |
1/48583 |
| 008 |
140603s1996 gr | ||| |||| ||gre|| |
| 020 |
|
|
|a 9602102578
|
| 035 |
|
|
|l 10117852
|
| 040 |
|
|
|a GR-MyUA
|b gre
|e AACR2
|
| 041 |
1 |
|
|a gre
|h eng
|
| 082 |
0 |
|
|a 303.38
|2 (23)
|
| 100 |
1 |
|
|a Price, Vincent.
|
| 245 |
1 |
0 |
|a Κοινή γνώμη /
|c Vincent Price ; επιμέλεια και πρόλογος Νίκος Δεμερτζής ; μετάφραση Νίκος Μπουμπάρης.
|
| 260 |
|
|
|a Αθήνα :
|b Οδυσσέας,
|c 1996.
|
| 300 |
|
|
|a 189 σ. ;
|c 20 εκ.
|
| 650 |
0 |
0 |
|a Public opinion.
|
| 700 |
1 |
|
|a Μπουμπάρης, Νίκος,
|e trl
|
| 700 |
1 |
|
|a Δεμερτζής, Νίκος,
|d 1958-
|e edt
|
| 765 |
0 |
8 |
|i Μετάφραση του:
|t Public opinion /
|
| 852 |
|
|
|a INST
|b LESVOS
|e 20140603
|h 303.38 PRI
|p 005100054310
|q 005100054310
|t BK
|y 0
|
| 901 |
|
|
|a BIBL1-2014-2
|
| 909 |
|
|
|a Λ
|b 189577
|
| 970 |
|
|
|a ΤΖΑΦΕΡΗ
|b ΕΥΑΓΓΕΛΙΑ
|z 2014/06/04
|